LEADER 00884cam0 22002653 450 001 TWSOB00001572 005 20160105134500.0 100 $a20030128d1962 |||||ita|0103 ba 101 $aeng 102 $aGB 200 1 $aA short history of Italian literature$fJ. H. Whitfield 210 $aLondon$cCassell$d1962 215 $a299 p.$d20 cm 225 2 $aThe belle sauvage library 410 1$1001LAEC00019700$12001 $a*The belle sauvage library 700 1$aWhitfield$b, John_Humphreys$3AF00014936$4070$0191593 801 0$aIT$bUNISOB$c20160105$gRICA 850 $aUNISOB 852 $aUNISOB$j850$m12288 912 $aTWSOB00001572 940 $aM 102 Monografia moderna SBN 941 $aM 957 $a850$b001030$gSI$d12288$rACQUISTO$1rovito$2UNISOB$3UNISOB$420160105134444.0$520160105134500.0$6rovito 996 $aShort history of italian literature$9559184 997 $aUNISOB